| LEADER |
01218nam0a2200229 450 |
| 001 |
16868331 |
| 010 |
|
|
|a 978-2-8189-6736-2
|b rel.
|d 11,9
|
| 100 |
|
|
|a 20260529d2026 u u0frey01 ba
|
| 101 |
0 |
|
|a fre
|
| 102 |
|
|
|a FR
|
| 200 |
0 |
|
|a Juré, craché, menti !
|f dessins & couleurs, William
|g scénario, Cazenove & William
|
| 207 |
|
1 |
|a
|
| 210 |
|
|
|a Charnay-lès-Mâcon
|c Bamboo édition
|d DL 2019
|
| 215 |
|
|
|a 1 vol. (46 p.)
|c ill. en coul.
|d 30 cm
|
| 225 |
1 |
|
|a Les sisters
|v 14
|
| 330 |
|
|
|a Marine découvre qu'il est très facile de mentir. Tant qu'elle ment sur le lavage de dents, ce n'est pas trop grave. Mais quand elle invente des trucs de plus en plus énormes, comme ce cousin canadien qui a un château ou cette cousine qui bosse avec Joy'D, elle s'enfonce de plus en plus et ça prend des proportions énormes. Du coup, Wendy est ravie, car elle tient là un bon moyen de faire chanter sa petite peste de soeur.
|
| 461 |
|
0 |
|t Les sisters
|v 14
|
| 700 |
|
0 |
|a Maury
|b William
|f 1969-....
|4 440
|
| 702 |
|
0 |
|a Cazenove
|b Christophe
|c scénariste BD
|f 1969-....
|4 70
|
| 900 |
|
|
|a Bande Dessinée (enfants)
|
| 901 |
|
|
|a Jeunesse
|
| 995 |
|
|
|a Médiathèque
|c Médiathèque
|f 089021889
|h 089021889
|k BD SIS
|o p
|q j
|r az
|e Médiathèque
|